000 00748nam a2200205Ia 4500
005 20250508153400.0
008 008 250505s9999 xx 000 0 eng d
037 _aTextual
040 _aFEDL
_beng
_cFEDL
041 _aeng
_2eng
084 _a371.9, MAC
_qFEDL
100 _aMackie Romaine P
_9763808
245 0 _aSpeech correctionists: The competencies they need for the work they do: A report based on findings from the study qualification and preparation of teachers of exceptional children
260 _aWashington, USA
_bU.S. Government Printing Office
_c1957
300 _aix,77p.
546 _aBulletin 1957, No. 19
700 _a Johnson Wendell
_9763841
942 _cTEXL
_h371.9, MAC
999 _c1342452
_d1342452